000 00737cam a2200181 i 4500
005 20251228090317.0
008 250721q9999 ua gr 000 0 ara d
020 _a977261770
082 1 4 _a218,61
_bش ع ر
100 1 _aالشعراوي، محمد متولي
_eمؤلف.
245 1 2 _aالأنوار الكاشفة لما في كتاب العشماوي من الخطأ والتضليل والمجازفة /
_cالشيخ المام محمد متولي الشعراوي.
264 3 1 _aالقاهرة :
_bمكتبة التراث الإسلامي،
_c[بين 1990 و 1999].
300 _a99 صفحة.
650 1 7 _aالإسلام.
650 1 7 _aدفع المطاعن عن الإسلام.
942 _2ddc
_cBK
999 _c5056
_d5056